| 000 | 01630cad a22002655a 4500 | ||
|---|---|---|---|
| 001 | L158904 | ||
| 008 | 150923s2015 xxk f 000 0 eng d | ||
| 020 | _a9780111139080 | ||
| 035 | _a(Sirsi) u158904 | ||
| 041 | 0 | _aeng | |
| 110 | 2 |
_aUnited Kingdom _kLaws, etc _95044 |
|
| 245 | 0 | 0 |
_aAssured Shorthold Tenancy Notices and Prescribed Requirements (England) (Amendment) Regulations 2015 _h[electronic resource] |
| 260 |
_aLondon _bStationery Office Ltd _c2015 |
||
| 490 | 0 |
_aSI _v2015:1725 |
|
| 520 | _aSets out a new prescribed s21 form required for giving notice under section 21 (1) or (4) of the Housing Act 1988 informing a tenant that the landlord intends to seek recovery of possession of a property let on an assured shorthold tenancy. In order to use the 'no-fault' s21 Notice to terminate a tenancy, the tenant must have been given copies of an energy performance certificate, gas safety certificate and a copy of the DCLG's booklet "How to rent: the checklist for renting in England". Effective from 1 October 2015. | ||
| 520 | _aAmended Assured Shorthold Tenancy Notices and Prescribed Requirements (England) Regulations 2015 SI 2015: 1646 which had an error and were withdrawn. | ||
| 590 | _aKA | ||
| 650 | 2 | 4 | _aASSURED SHORTHOLD TENANCY NOTICES AND PRESCRIBED REQUIREMENTS (ENGLAND) (AMENDMENT) REGULATIONS 2015 |
| 650 | 2 | 4 | _aHOUSING ACT 1988 S21 |
| 651 | 4 |
_aEngland _y886- |
|
| 690 |
_aResidential property _96266 |
||
| 690 |
_aLandlord and tenant _96252 |
||
| 856 | 4 | 8 |
_uhttps://www.legislation.gov.uk/uksi/2015/1725/contents/made _zView this item free of charge at www.legislation.gov.uk |
| 942 | _n0 | ||
| 999 |
_c115582 _d115582 |
||